000 00692nam a2200289Ia 4500
005 20251020182501.0
008 200515s9999 xx 000 0 und d
020 _a968-24-4133-1
082 _a624.947/M42
100 _aMéndez Chamorro, Francisco
245 0 _aCriterios de Dimensionamiento Estructural
250 _a1a ed.
260 _aMéxico, D.F.
260 _bTrillas
260 _c1991
300 _a89 p.
300 _btbl., graf.
500 _a1 ejemplar
650 _aARQUITECTURA
650 _aDETALLES
650 _aDISEÑO ESTRUCTURAL
650 _aESTRUCTURAS
650 _aESTRUCTURAS DE CONCRETO
650 _aLOSAS
942 _cLIB
999 _c1158
_d1158